Section-by-section analysis of the proposed Foreign assistance act, H.R. 7484 to amend the Foreign assistance act of 1961, and for other purposes /

Bibliographic Details
Corporate Authors: United States. Agency for International Development, ProQuest (Firm), United States. Congress. House. Committee on Foreign Affairs, United States
Format: Government Document eBook
Language:English
Published: Washington : U.S. Govt. Print. Off, 1973.
Series:U.S. Congressional Research.
Subjects:
Online Access:Connect to the full text of this electronic book

MARC

Tag First Indicator Second Indicator Subfields
LEADER 00000cam a22000001a 4500
001 in00003267331
006 m d f
007 cr bn mmmapmmp
008 101011s1973 dcu o f000 0 eng d
005 20260430150154.0
035 |a cis2007808783 
040 |a LexisNexis  |c LexisNexis  |d UtOrBLW 
043 |a n-us--- 
086 0 |a Y 4.F 76/1:F 76/29/973 
099 |a CMP-1973-FOA-0016 
110 1 |a United States.  |b Agency for International Development. 
245 1 0 |a Section-by-section analysis of the proposed Foreign assistance act, H.R. 7484 to amend the Foreign assistance act of 1961, and for other purposes /  |c Prepared by executive branch [as printed]. 
264 1 |a Washington :  |b U.S. Govt. Print. Off,  |c 1973. 
300 |a 1 online resource. 
336 |a text  |b txt  |2 rdacontent 
337 |a computer  |b c  |2 rdamedia 
338 |a online resource  |b cr  |2 rdacarrier 
500 |a Record is based on bibliographic data in LexisNexis U.S. Congressional Research Digital Collection. Reuse except for individual research requires license from LexisNexis. 
500 |a Electronic resource. 
650 0 |a Economic assistance, American. 
650 0 |a Military assistance, American. 
655 7 |a Electronic books.  |2 local 
710 2 |a ProQuest (Firm) 
710 1 |a United States.  |b Congress.  |b House.  |b Committee on Foreign Affairs. 
710 1 |a United States.  |k Laws, statutes, etc.  |t Foreign assistance act of 1961. 
776 0 8 |i Print version:   |a United States. Agency for International Development.  |t Section-by-section analysis of the proposed Foreign assistance act, H.R. 7484 to amend the Foreign assistance act of 1961, and for other purposes  |z 73601735 
776 0 8 |i Microfiche version:   |a United States. Agency for International Development.  |t Section-by-section analysis of the proposed Foreign assistance act, H.R. 7484 to amend the Foreign assistance act of 1961, and for other purposes   |d [Bethesda, Md.] : LexisNexis Academic & Library Solutions,1973.   |o CIS 73 H382-16  |w (LexisNexis)cis07300314 
830 0 |a U.S. Congressional Research. 
856 4 0 |u http://proxy.library.tamu.edu/login?url=https://congressional.proquest.com/congcomp/getdoc?CRDC-ID=CMP-1973-FOA-0016  |z Connect to the full text of this electronic book  |t 0 
998 |a cis07300314 
999 |a MARS 
999 f f |s a09c67df-357b-3bc4-9c2b-7916eaae109c  |i 807de092-4278-378d-b794-ff68131d28b7  |t 0 
952 f f |a Texas A&M University  |b College Station  |c Electronic Resources  |s www_evans  |d Available Online  |t 0  |e CMP-1973-FOA-0016  |h Other scheme 
998 f f |a CMP-1973-FOA-0016  |t 0  |l Available Online